A new law-dictionary : containing, the interpretation and definition of words and terms used in the law; and also the whole law, and the practice thereof, ... The fourth edition corrected, ... By Giles Jacob, gent.

Bibliographic Details
Main Author: Jacob, Giles, 1686-1744
Format: eBook
Language:English
Series:Eighteenth century collections online.
Online Access:Full text online

MARC

Tag First Indicator Second Indicator Subfields
LEADER 00000cam a2200000 4500
001 in00001961813
006 m | d |
007 cr |n||||||||n
008 820219s1739 enk|||| s 00||||eng d
005 20260414163636.6
035 |a (CStRLIN)ESTCT137462 
040 |a Uk-ES  |c Uk-ES  |d CStRLIN  |d Thomson Gale  |d UtOrBLW 
100 1 |a Jacob, Giles,  |d 1686-1744. 
245 1 2 |a A new law-dictionary :  |b containing, the interpretation and definition of words and terms used in the law; and also the whole law, and the practice thereof, ... The fourth edition corrected, ... By Giles Jacob, gent. 
264 3 |a [London] :  |b In the Savoy: printed by E. and R. Nutt, and R. Gosling, (assigns of E. Sayer, Esq;) for D. Midwinter, R. Ware, C. Rivington [and 8 others in London],  |c 1739. 
300 |a 806 unnumbered pages ;  |c 2⁰. 
336 |a text  |b txt  |2 rdacontent 
337 |a computer  |b c  |2 rdamedia 
338 |a online resource  |b cr  |2 rdacarrier 
500 |a Reproduction of original from the British Library. 
510 4 |a English Short Title Catalog,  |c ESTCT137462. 
533 |a Electronic reproduction.  |b Farmington Hills, Mich. :  |c Thomson Gale,  |d 2003.  |n Available via the World Wide Web.  |n Access limited by licensing agreements  |7 s2003 miunns 
500 |a Electronic resource. 
830 0 |a Eighteenth century collections online. 
856 4 0 |u http://proxy.library.tamu.edu/login?url=https://galenet.galegroup.com/servlet/ECCO?c=1&stp=Author&ste=11&af=BN&ae=T137462&tiPG=1&dd=0&dc=flc&docNum=CW125060130&vrsn=1.0&srchtp=a&d4=0.33&n=10&SU=0LRJ&locID=txshracd2898  |z Full text online  |t 0 
999 |a MARS 
999 f f |s 22b99e2d-e22f-3b43-a06c-61c1cd5f5795  |i 8a5f0961-1dd0-3ea4-85a2-c7ffc02efadc  |t 0 
952 f f |a Texas A&M University  |b College Station  |c Electronic Resources  |s www_evans  |d Available Online  |t 0  |h No information provided 
998 f f |t 0  |l Available Online